[Event "EU-ch Rapid (Women)"]
[Site "Monaco"]
[Date "2024.01.13"]
[Round "1"]
[White "Iasman, Inna"]
[Black "Khademalsharieh, Sarasadat"]
[Result "0-1"]
[WhiteElo "1889"]
[BlackElo "2486"]
[PlyCount "40"]
[EventDate "2024.01.13"]
[EventType "swiss (rapid)"]
[EventRounds "11"]
[EventCountry "MNC"]
[SourceTitle "CB03_2024"]
[SourceDate "2024.01.17"]
[SourceVersion "1"]
[SourceVersionDate "2024.01.17"]
[SourceQuality "1"]

1. d4 d5 2. c4 e6 3. Nf3 a6 4. Qc2 Nf6 5. Bg5 dxc4 6. Qxc4 b5 7. Qc2 Bb7 8. e3 Be7 9. Bd3 Nbd7 10. Nbd2 Rc8 11. Qd1 c5 12. 0-0 0-0 13. Rc1 h6 14. Bh4 cxd4 15. Rxc8 Qxc8 16. Nxd4 Qa8 17. N2f3 Rd8 18. Be2 Nb6 19. Qb3 Bd5 20. Qb4 Bxb4 0-1

[Event "EU-ch Rapid (Women)"]
[Site "Monaco"]
[Date "2024.01.13"]
[Round "4"]
[White "Khademalsharieh, Sarasadat"]
[Black "Zimina, Olga"]
[Result "1-0"]
[WhiteElo "2486"]
[BlackElo "2291"]
[PlyCount "77"]
[EventDate "2024.01.13"]
[EventType "swiss (rapid)"]
[EventRounds "11"]
[EventCountry "MNC"]
[SourceTitle "CB03_2024"]
[SourceDate "2024.01.17"]
[SourceVersion "1"]
[SourceVersionDate "2024.01.17"]
[SourceQuality "1"]

1. d4 d5 2. c4 c6 3. cxd5 cxd5 4. Nc3 Nc6 5. Bf4 Nf6 6. e3 Bf5 7. Be2 Qb6 8. Qb3 e6 9. Nf3 Qxb3 10. axb3 Nh5 11. Be5 f6 12. Bg3 Nxg3 13. hxg3 0-0-0 14. Bb5 Kb8 15. Bxc6 bxc6 16. Kd2 g5 17. Ra6 Rc8 18. Ne1 Kb7 19. Ra4 c5 20. Nd3 cxd4 21. exd4 h5 22. Rha1 Ra8 23. Nc5+ Bxc5 24. dxc5 a6 25. Rb4+ Kc7 26. Na4 h4 27. g4 Bg6 28. Rb6 Bf7 29. Nc3 Rhb8 30. Raxa6 Rxa6 31. Rxa6 Bg8 32. Kc2 Bh7+ 33. Kc1 Rxb3 34. Rxe6 d4 35. Nd5+ Kd7 36. Ra6 Bd3 37. Rd6+ Kc8 38. c6 Ba6 39. c7 1-0

[Event "EU-ch Blitz (Women)"]
[Site "Monaco"]
[Date "2024.01.12"]
[Round "13"]
[White "Kosteniuk, Alexandra"]
[Black "Khademalsharieh, Sarasadat"]
[Result "0-1"]
[WhiteElo "2501"]
[BlackElo "2486"]
[PlyCount "50"]
[EventDate "2024.01.12"]
[EventType "swiss (blitz)"]
[EventRounds "13"]
[EventCountry "MNC"]
[SourceTitle "CB03_2024"]
[SourceDate "2024.01.17"]
[SourceVersion "1"]
[SourceVersionDate "2024.01.17"]
[SourceQuality "1"]

1. e4 e5 2. Nf3 Nc6 3. Nc3 Nf6 4. Bc4 Nxe4 5. Nxe4 d5 6. Bd3 dxe4 7. Bxe4 Bd6 8. 0-0 Ne7 9. d4 exd4 10. Qxd4 0-0 11. b3 c5 12. Qc3 Bf5 13. Bb2 f6 14. Bxb7 Rb8 15. Ba6 Kh8 16. Rad1 Qc7 17. h3 Be4 18. Bc4 Ng6 19. Rfe1 Rbe8 20. Bd5 Bxd5 21. Rxd5 Nf4 22. Rf5 Ne2+ 23. Rxe2 Rxe2 24. Qd3 Rfe8 25. Rh5 Re1+ 0-1

[Event "EU-ch Blitz (Women)"]
[Site "Monaco"]
[Date "2024.01.12"]
[Round "3"]
[White "Unuk, Laura"]
[Black "Khademalsharieh, Sarasadat"]
[Result "0-1"]
[WhiteElo "2346"]
[BlackElo "2486"]
[PlyCount "118"]
[EventDate "2024.01.12"]
[EventType "swiss (blitz)"]
[EventRounds "13"]
[EventCountry "MNC"]
[SourceTitle "CB03_2024"]
[SourceDate "2024.01.17"]
[SourceVersion "1"]
[SourceVersionDate "2024.01.17"]
[SourceQuality "1"]

1. d4 d5 2. Bf4 Nf6 3. c3 e6 4. Nf3 c5 5. e3 Nc6 6. Nbd2 Nh5 7. Bg5 f6 8. Bh4 g6 9. Be2 Be7 10. 0-0 Ng7 11. e4 cxd4 12. cxd4 dxe4 13. Nxe4 Nf5 14. Bg3 0-0 15. Bc4 Nfxd4 16. Nxd4 Nxd4 17. Re1 Kg7 18. f4 b5 19. Bf2 bxc4 20. Bxd4 Qd5 21. Bc3 Bb7 22. Qxd5 Bxd5 23. Kh1 Kf7 24. Rad1 Rad8 25. Rc1 Rd7 26. Nf2 Bd6 27. Ng4 Kg7 28. Rf1 Bc5 29. Rce1 h5 30. Ne3 Be4 31. h3 Bd3 32. Rf3 Kf7 33. Nd1 Rfd8 34. Nf2 Bf5 35. Kh2 h4 36. g4 hxg3+ 37. Kxg3 Rh8 38. Ng4 Rd3 39. Rxd3 cxd3 40. b4 Bb6 41. a4 Rd8 42. Bd2 Rc8 43. a5 Bd4 44. Ne3 Rb8 45. Nxf5 gxf5 46. Rb1 e5 47. b5 e4 48. a6 e3 49. Ba5 e2 50. Kf3 Re8 51. Bd2 Bb6 52. Rc1 Ke6 53. Rc6+ Kd5 54. Rxf6 e1Q 55. Bxe1 Rxe1 56. Rxf5+ Kc4 57. Rf7 d2 58. Rd7 Bd4 59. b6 d1Q+ 0-1

[Event "Wch Blitz (Women)"]
[Site "Samarkand"]
[Date "2023.12.30"]
[Round "12"]
[White "Khademalsharieh, Sarasadat"]
[Black "Narva, Mai"]
[Result "0-1"]
[WhiteElo "2481"]
[BlackElo "2403"]
[PlyCount "68"]
[EventDate "2023.12.29"]
[EventType "swiss (blitz)"]
[EventRounds "17"]
[EventCountry "UZB"]
[SourceTitle "CB01_2024"]
[SourceDate "2024.01.03"]
[SourceVersion "1"]
[SourceVersionDate "2024.01.03"]
[SourceQuality "1"]

1. d4 g6 2. g3 Bg7 3. c4 d6 4. Bg2 Nd7 5. Nc3 e5 6. Nf3 Ne7 7. 0-0 0-0 8. dxe5 dxe5 9. Qc2 c6 10. Rd1 Qc7 11. Ne4 Nf5 12. e3 Nf6 13. Nfd2 Rd8 14. b3 Nd6 15. Nxd6 Rxd6 16. Bb2 Rd8 17. h3 Bf5 18. e4 Be6 19. c5 b6 20. Nc4 Nd7 21. cxb6 axb6 22. a4 b5 23. Nd6 Bf8 24. Nxb5 Qb6 25. Nd6 Bxb3 26. Qc3 Bxd1 27. Rxd1 Qc5 28. Nc4 Qb4 29. Qc1 f6 30. a5 Nc5 31. Rxd8 Rxd8 32. Ba3 Qb3 33. Bf1 Rd1 34. Qe3 Qxc4 0-1

[Event "Wch Rapid (Women)"]
[Site "Samarkand"]
[Date "2023.12.27"]
[Round "5"]
[White "Balabayeva, Kseniya"]
[Black "Khademalsharieh, Sarasadat"]
[Result "1-0"]
[WhiteElo "2244"]
[BlackElo "2481"]
[PlyCount "81"]
[EventDate "2023.12.26"]
[EventType "swiss (rapid)"]
[EventRounds "11"]
[EventCountry "UZB"]
[SourceTitle "CB01_2024"]
[SourceDate "2024.01.03"]
[SourceVersion "1"]
[SourceVersionDate "2024.01.03"]
[SourceQuality "1"]

1. d4 Nf6 2. Bf4 d5 3. e3 c5 4. dxc5 e6 5. b4 a5 6. c3 Be7 7. Nd2 0-0 8. a3 Nfd7 9. Qb3 b6 10. cxb6 Qxb6 11. Rc1 e5 12. Bg3 Bb7 13. Ngf3 Rc8 14. b5 a4 15. Qb2 f6 16. Be2 Qd6 17. Nb1 Nc5 18. 0-0 Nb3 19. Rcd1 Nd7 20. Nd4 Ndc5 21. Nf5 Qe6 22. Bg4 Qf7 23. Nxe7+ Qxe7 24. Bxc8 Rxc8 25. Nd2 Nxd2 26. Rxd2 Nb3 27. Rd3 Qc5 28. e4 Qxb5 29. Rfd1 Rc5 30. exd5 Bxd5 31. f3 Be6 32. Qe2 Qc6 33. Rd6 Bc4 34. Qe3 Qb5 35. Rd8+ Kf7 36. R1d7+ Ke6 37. Qe4 Qxd7 38. Rxd7 Kxd7 39. Qxh7 Rd5 40. Qxg7+ Ke6 41. Qg4+ 1-0

[Event "Wch Rapid (Women)"]
[Site "Samarkand"]
[Date "2023.12.26"]
[Round "1"]
[White "Khamdamova, Afruza"]
[Black "Khademalsharieh, Sarasadat"]
[Result "1-0"]
[WhiteElo "2327"]
[BlackElo "2481"]
[PlyCount "99"]
[EventDate "2023.12.26"]
[EventType "swiss (rapid)"]
[EventRounds "11"]
[EventCountry "UZB"]
[SourceTitle "CB01_2024"]
[SourceDate "2024.01.03"]
[SourceVersion "1"]
[SourceVersionDate "2024.01.03"]
[SourceQuality "1"]

1. e4 e5 2. Nf3 Nc6 3. Bb5 g6 4. c3 a6 5. Ba4 Bg7 6. d4 exd4 7. cxd4 b5 8. Bb3 Nge7 9. 0-0 d6 10. h3 0-0 11. Nc3 Na5 12. Bc2 c5 13. Bf4 Nc4 14. Rb1 cxd4 15. Nxd4 Qb6 16. Nde2 Bb7 17. Bb3 Rad8 18. Bxc4 bxc4 19. Be3 Qc7 20. Bd4 d5 21. Bxg7 Kxg7 22. Qd4+ f6 23. exd5 Nxd5 24. Nxd5 Rxd5 25. Qe3 Re5 26. Qg3 Qc6 27. Nd4 Qd7 28. Nf3 Rd5 29. Rbc1 Rc8 30. Rfe1 Rd3 31. Re3 Rxe3 32. fxe3 Qd3 33. Nd4 Qe4 34. Kh2 Rc5 35. Rc2 Rg5 36. Qc7+ Kh6 37. Qf4 Bd5 38. Rf2 Qe5 39. h4 Qxf4+ 40. exf4 Rh5 41. g3 Bf7 42. f5 g5 43. Kh3 Kg7 44. Nf3 gxh4 45. g4 Rh6 46. Rd2 Be8 47. Rd6 Bb5 48. Nd4 c3 49. Nxb5 c2 50. Rc6 1-0

[Event "Sant Boi de Llobregat op 4th"]
[Site "Sant Boi de Llobregat"]
[Date "2023.12.06"]
[Round "7"]
[White "Khademalsharieh, Sarasadat"]
[Black "Rakhmatullaev, Almas"]
[Result "1-0"]
[WhiteElo "2481"]
[BlackElo "2383"]
[PlyCount "61"]
[EventDate "2023.11.30"]
[EventType "swiss"]
[EventRounds "9"]
[EventCountry "ESP"]
[SourceTitle "CB50_2023"]
[SourceDate "2023.12.13"]
[SourceVersion "1"]
[SourceVersionDate "2023.12.13"]
[SourceQuality "1"]

1. d4 Nf6 2. c4 g6 3. g3 c5 4. dxc5 Qa5+ 5. Nc3 Bg7 6. Bd2 Qxc5 7. Qa4 Ng4 8. Nh3 Nc6 9. Bg2 d6 10. b4 Qb6 11. b5 Nd4 12. Nd5 Qd8 13. Ba5 b6 14. Bc3 Bf5 15. Rc1 Rc8 16. e3 Ne6 17. Bxg7 Nxg7 18. Qxa7 Ne5 19. 0-0 e6 20. Nxb6 Rb8 21. f4 0-0 22. fxe5 Rxb6 23. Nf2 h5 24. e4 h4 25. exf5 hxg3 26. hxg3 Nxf5 27. Ne4 dxe5 28. Rcd1 Nd4 29. Nf6+ Kg7 30. Nd7 Qg5 31. Qa3 1-0

[Event "Sant Boi de Llobregat op 4th"]
[Site "Sant Boi de Llobregat"]
[Date "2023.12.04"]
[Round "5"]
[White "Khademalsharieh, Sarasadat"]
[Black "Ter Sahakyan, Samvel"]
[Result "0-1"]
[WhiteElo "2481"]
[BlackElo "2643"]
[PlyCount "124"]
[EventDate "2023.11.30"]
[EventType "swiss"]
[EventRounds "9"]
[EventCountry "ESP"]
[SourceTitle "CB50_2023"]
[SourceDate "2023.12.13"]
[SourceVersion "1"]
[SourceVersionDate "2023.12.13"]
[SourceQuality "1"]

1. d4 Nf6 2. Nf3 d5 3. c4 e6 4. Nc3 Bb4 5. Qa4+ Nc6 6. e3 0-0 7. Qc2 b6 8. cxd5 exd5 9. Bd3 Bb7 10. 0-0 Bd6 11. a3 Re8 12. Bd2 a6 13. b4 Nb8 14. Rfc1 Nbd7 15. Be1 Ne4 16. Ne2 Qf6 17. Ng3 Re7 18. Nd2 Rae8 19. Ndf1 Nxg3 20. hxg3 Nf8 21. a4 g6 22. Qe2 Ne6 23. Bc3 Ra8 24. Ra2 h5 25. Rac2 Ng5 26. f3 Ne6 27. Qf2 Ng5 28. Re2 Rae8 29. Nd2 Qg7 30. f4 Nh7 31. e4 dxe4 32. d5 e3 33. Rxe3 Qxc3 34. Rxc3 Rxe3 35. Nf1 Bxb4 36. Nxe3 Bxc3 37. Nc4 Bxd5 38. Qc2 Bd4+ 39. Kh2 Nf6 40. Ne5 Bxe5 41. fxe5 Ng4+ 42. Kg1 Rxe5 43. Be2 c6 44. Qd3 a5 45. Qd2 Re4 46. Qd1 Rb4 47. Bf3 Kh7 48. Qa1 Be6 49. Bd1 b5 50. axb5 cxb5 51. Bxg4 Ra4 52. Qe5 Rxg4 53. Qxb5 a4 54. Qd3 Bb3 55. Qd6 Rc4 56. Kf2 Rc2+ 57. Kf3 Be6 58. Qa3 Ra2 59. Qc3 a3 60. g4 Rb2 61. Kf4 Rb3 62. Qf6 Rb4+ 0-1

[Event "Sant Boi de Llobregat op 4th"]
[Site "Sant Boi de Llobregat"]
[Date "2023.12.02"]
[Round "3"]
[White "Khademalsharieh, Sarasadat"]
[Black "Kamalidenova, Meruert"]
[Result "1-0"]
[WhiteElo "2481"]
[BlackElo "2359"]
[PlyCount "97"]
[EventDate "2023.11.30"]
[EventType "swiss"]
[EventRounds "9"]
[EventCountry "ESP"]
[SourceTitle "CB50_2023"]
[SourceDate "2023.12.13"]
[SourceVersion "1"]
[SourceVersionDate "2023.12.13"]
[SourceQuality "1"]

1. Nf3 Nf6 2. c4 g6 3. d4 Bg7 4. g3 0-0 5. Bg2 d6 6. Nc3 c5 7. 0-0 Nc6 8. dxc5 dxc5 9. Bf4 Be6 10. Ne5 Na5 11. Nd3 Rc8 12. b3 Nh5 13. Be5 f6 14. Bf4 Bf7 15. Be3 f5 16. Qc1 Qd6 17. Nb5 Qb6 18. Rb1 a6 19. Nc3 Qd6 20. Rd1 Bd4 21. Bh6 Rfd8 22. e3 Bh8 23. Nf4 Qe5 24. Ncd5 Nc6 25. Nxh5 gxh5 26. Qa3 Qd6 27. Bg5 Kf8 28. Bf4 e5 29. Bg5 Rd7 30. Nc3 Qe6 31. Rxd7 Qxd7 32. Rd1 Qe8 33. Qxc5+ Kg7 34. Rd6 Nd4 35. Qa5 Ne6 36. Bh4 b5 37. Qxa6 bxc4 38. bxc4 Nc5 39. Qa7 e4 40. Nd5 Kf8 41. Ne7 Nb7 42. Qxb7 Rb8 43. Qc7 Be5 44. Bg5 Rb1+ 45. Bf1 Be6 46. Bh6+ Kf7 47. Nc6+ Kg6 48. Nxe5+ Kxh6 49. Qc6 1-0

[Event "ESP-ch 88th"]
[Site "Marbella"]
[Date "2023.10.21"]
[Round "9"]
[White "Khademalsharieh, Sarasadat"]
[Black "Tabuenca Mendataurigoitia, Daniel"]
[Result "1/2-1/2"]
[WhiteElo "2476"]
[BlackElo "2351"]
[PlyCount "107"]
[EventDate "2023.10.13"]
[EventType "swiss"]
[EventRounds "9"]
[EventCountry "ESP"]
[SourceTitle "Mega2024 Update 01"]
[Source "Chessbase"]
[SourceDate "2023.11.12"]
[SourceVersion "1"]
[SourceVersionDate "2023.11.12"]
[SourceQuality "1"]

1. d4 d5 2. c4 e6 3. Nc3 a6 4. cxd5 exd5 5. a3 h6 6. Bf4 Nf6 7. e3 Bd6 8. Bxd6 Qxd6 9. Bd3 0-0 10. Nge2 b6 11. Rc1 Bb7 12. 0-0 Nbd7 13. b4 c6 14. Ng3 Rfe8 15. Nf5 Qf8 16. Qf3 g6 17. Qg3 Rac8 18. h3 Re6 19. Ne2 Nh5 20. Qf3 Kh7 21. g4 Ng7 22. Nxg7 Kxg7 23. Nf4 Ree8 24. Rc3 c5 25. bxc5 bxc5 26. Rb3 Rb8 27. Rfb1 Bc6 28. Rxb8 Rxb8 29. Rxb8 Qxb8 30. Bxa6 Qa8 31. Bf1 Qxa3 32. dxc5 Qxc5 33. Qd1 Nf6 34. Qa1 Qd6 35. Qd4 Kh7 36. Bg2 Kg8 37. Bf3 Bb7 38. Kg2 Bc6 39. Nd3 Qe6 40. Nf4 Qd6 41. Nd3 Bb5 42. Nc5 Bc4 43. Nb7 Qa6 44. Nc5 Qd6 45. Na4 Bb5 46. Nc3 Bc4 47. h4 g5 48. hxg5 hxg5 49. Bd1 Qe6 50. f3 Nd7 51. Bc2 Qe5 52. Qxe5 Nxe5 53. Kf2 Kf8 54. Bf5 1/2-1/2

[Event "ESP-ch 88th"]
[Site "Marbella"]
[Date "2023.10.19"]
[Round "7"]
[White "Khademalsharieh, Sarasadat"]
[Black "Rey Martinez, Jaime"]
[Result "1-0"]
[WhiteElo "2476"]
[BlackElo "2328"]
[PlyCount "41"]
[EventDate "2023.10.13"]
[EventType "swiss"]
[EventRounds "9"]
[EventCountry "ESP"]
[SourceTitle "Mega2024 Update 01"]
[Source "Chessbase"]
[SourceDate "2023.11.12"]
[SourceVersion "1"]
[SourceVersionDate "2023.11.12"]
[SourceQuality "1"]

1. Nf3 d5 2. c4 dxc4 3. g3 b6 4. Qa4+ c6 5. Qxc4 Bb7 6. d4 e6 7. Bg2 c5 8. 0-0 Nf6 9. Nc3 Nbd7 10. Rd1 Rc8 11. Bg5 cxd4 12. Qxd4 Be7 13. Nb5 Bd5 14. Ne5 Bxg2 15. Kxg2 Rc5 16. Bxf6 Bxf6 17. Nd6+ Ke7 18. Qxc5 Bxe5 19. Qa3 Qa8+ 20. f3 Nc5 21. Ne4 1-0

[Event "ESP-ch 88th"]
[Site "Marbella"]
[Date "2023.10.17"]
[Round "5"]
[White "Khademalsharieh, Sarasadat"]
[Black "Castellanos Gomez, Alejandro"]
[Result "1-0"]
[WhiteElo "2476"]
[BlackElo "2266"]
[PlyCount "75"]
[EventDate "2023.10.13"]
[EventType "swiss"]
[EventRounds "9"]
[EventCountry "ESP"]
[SourceTitle "Mega2024 Update 01"]
[Source "Chessbase"]
[SourceDate "2023.11.12"]
[SourceVersion "1"]
[SourceVersionDate "2023.11.12"]
[SourceQuality "1"]

1. d4 d5 2. c4 dxc4 3. Nf3 Nf6 4. e3 e6 5. Bxc4 c5 6. 0-0 Nc6 7. Re1 a6 8. Bf1 Be7 9. Nc3 0-0 10. a3 Qc7 11. dxc5 Bxc5 12. b4 Bd6 13. Bb2 Ng4 14. g3 Rd8 15. Qe2 Nge5 16. Nxe5 Bxe5 17. Rac1 Qe7 18. Bg2 Bd7 19. Ne4 Bxb2 20. Qxb2 Be8 21. Nc5 Rd6 22. Rc2 Rad8 23. h4 h6 24. Rec1 Rd1+ 25. Kh2 Rxc1 26. Qxc1 Rd6 27. Nxa6 Ne5 28. Nc5 Ng4+ 29. Kh3 h5 30. Bxb7 e5 31. Kg2 Rf6 32. Be4 Rd6 33. Rd2 Qf6 34. Bf3 Rc6 35. Qd1 Rc8 36. Ne4 Qb6 37. Nd6 e4 38. Bxg4 1-0

[Event "World-chT Rapid"]
[Site "Dusseldorf"]
[Date "2023.08.27"]
[Round "5.4"]
[White "Efroimski, Marsel"]
[Black "Khademalsharieh, Sarasadat"]
[Result "1/2-1/2"]
[WhiteElo "2439"]
[BlackElo "2488"]
[PlyCount "50"]
[EventDate "2023.08.26"]
[EventType "team-swiss (rapid)"]
[EventRounds "12"]
[EventCountry "GER"]
[SourceTitle "CBM 215 Extra"]
[Source "ChessBase"]
[SourceDate "2023.09.30"]
[SourceVersion "1"]
[SourceVersionDate "2023.09.30"]
[SourceQuality "1"]
[WhiteTeam "Rishon Le Zion"]
[BlackTeam "Chessbrah OFM"]
[WhiteTeamCountry "ISR"]
[BlackTeamCountry "NOR"]

1. e4 e5 2. Nf3 Nc6 3. Nc3 Nf6 4. Bb5 Bd6 5. d3 a6 6. Ba4 0-0 7. a3 Re8 8. Bb3 Bc5 9. Bg5 Be7 10. h3 d6 11. Bxf6 Bxf6 12. Nd5 Nd4 13. Nxd4 exd4 14. Nxf6+ Qxf6 15. 0-0 Be6 16. Bxe6 fxe6 17. f4 Rf8 18. Qg4 Qg6 19. Qxg6 hxg6 20. a4 Rf7 21. g3 Raf8 22. Kg2 Rf6 23. h4 R8f7 24. Rf3 e5 25. Raf1 exf4 1/2-1/2

[Event "World-chT Rapid"]
[Site "Dusseldorf"]
[Date "2023.08.27"]
[Round "6.6"]
[White "Khademalsharieh, Sarasadat"]
[Black "Lubbe, Melanie"]
[Result "1/2-1/2"]
[WhiteElo "2488"]
[BlackElo "2256"]
[PlyCount "190"]
[EventDate "2023.08.26"]
[EventType "team-swiss (rapid)"]
[EventRounds "12"]
[EventCountry "GER"]
[SourceTitle "CBM 215 Extra"]
[Source "ChessBase"]
[SourceDate "2023.09.30"]
[SourceVersion "1"]
[SourceVersionDate "2023.09.30"]
[SourceQuality "1"]
[WhiteTeam "Chessbrah OFM"]
[BlackTeam "Team Chessemy.com"]
[WhiteTeamCountry "NOR"]
[BlackTeamCountry "GER"]

1. d4 Nf6 2. c4 g6 3. g3 Bg7 4. Bg2 d6 5. Nf3 0-0 6. 0-0 c6 7. Nc3 Qb6 8. Re1 Qa6 9. b3 b5 10. cxb5 cxb5 11. Qd3 b4 12. Nh4 bxc3 13. Bxa8 d5 14. Bg5 Be6 15. Rec1 Qb6 16. Rxc3 Ne4 17. Bxe7 Bxd4 18. Bxf8 Bxc3 19. Rf1 Kxf8 20. Bxd5 Nxf2 21. Rxf2 Bd4 22. Bxe6 Bxf2+ 23. Kg2 Be1 24. Bc4 Qf2+ 25. Kh3 Qf1+ 26. Ng2 Nc6 27. Qd6+ Kg7 28. Qf4 Qxf4 29. gxf4 Bd2 30. Kg3 Nd4 31. e3 Nf5+ 32. Kf3 Nd6 33. Bd3 f5 34. Ke2 Bc3 35. Nh4 Kf6 36. Nf3 h6 37. h4 Nf7 38. Bc4 Nd6 39. Kd3 Bb2 40. Bd5 Bc1 41. a4 Ba3 42. Ne5 g5 43. hxg5+ hxg5 44. Nc6 gxf4 45. exf4 Bc1 46. Nxa7 Bxf4 47. b4 Ke5 48. Bf3 Bg5 49. b5 Ne4 50. Nc6+ Kd5 51. Nd4 Kc5 52. Bxe4 fxe4+ 53. Kxe4 Bf6 54. Nc6 Bc3 55. Kd3 Be1 56. Kc2 Kb6 57. Kb3 Kc5 58. Ne5 Ba5 59. Nd3+ Kd4 60. Nf4 Kc5 61. Nd3+ Kd4 62. Nb2 Kc5 63. Nc4 Bd8 64. Ne5 Ba5 65. Nc6 Be1 66. Kc2 Kb6 67. Kd3 Kc5 68. Ke3 Bc3 69. Ke4 Be1 70. Kd3 Bg3 71. Ke4 Be1 72. Kf5 Bc3 73. Ke6 Be1 74. Ne5 Ba5 75. Nc6 Be1 76. Ne5 Ba5 77. Nc6 Be1 78. Kd7 Bg3 79. Kc8 Kb6 80. Kd7 Kc5 81. Ke6 Be1 82. Na7 Ba5 83. Nc8 Kb4 84. Kd5 Kxa4 85. Kc5 Be1 86. Nb6+ Kb3 87. Kc6 Bf2 88. Nd7 Kb4 89. Ne5 Bg1 90. Nf3 Bf2 91. Ng5 Bg1 92. Nf3 Bf2 93. Nd2 Bg1 94. Ne4 Be3 95. Nf6 Bg1 1/2-1/2

[Event "ESP-ch Rapid"]
[Site "Linares"]
[Date "2023.08.19"]
[Round "9"]
[White "Espinosa Aranda, Angel"]
[Black "Khademalsharieh, Sarasadat"]
[Result "1-0"]
[WhiteElo "2440"]
[BlackElo "2488"]
[PlyCount "63"]
[EventDate "2023.08.19"]
[EventType "swiss (rapid)"]
[EventRounds "10"]
[EventCountry "ESP"]
[SourceTitle "CBM 215 Extra"]
[Source "ChessBase"]
[SourceDate "2023.09.30"]
[SourceVersion "1"]
[SourceVersionDate "2023.09.30"]
[SourceQuality "1"]

1. e4 e5 2. Nf3 Nc6 3. Bb5 g6 4. c3 a6 5. Ba4 Bg7 6. 0-0 b5 7. Bc2 d6 8. d4 exd4 9. Nxd4 Nxd4 10. cxd4 Ne7 11. Nc3 0-0 12. Bg5 h6 13. Be3 Bb7 14. Qd2 Kh7 15. Rfe1 Rc8 16. Rad1 Qe8 17. b4 Rd8 18. Ne2 Nc8 19. Ng3 Nb6 20. h4 Nc4 21. Qe2 Nxe3 22. Qxe3 c5 23. bxc5 dxc5 24. dxc5 Qe7 25. h5 Rxd1 26. Rxd1 Rc8 27. e5 Rxc5 28. hxg6+ fxg6 29. Bxg6+ Kh8 30. Nf5 Qc7 31. e6 Re5 32. e7 1-0

[Event "ESP-ch Rapid"]
[Site "Linares"]
[Date "2023.08.19"]
[Round "4"]
[White "Khademalsharieh, Sarasadat"]
[Black "Fernandez Estremera, Fernando"]
[Result "1-0"]
[WhiteElo "2488"]
[BlackElo "2272"]
[PlyCount "113"]
[EventDate "2023.08.19"]
[EventType "swiss (rapid)"]
[EventRounds "10"]
[EventCountry "ESP"]
[SourceTitle "CBM 215 Extra"]
[Source "ChessBase"]
[SourceDate "2023.09.30"]
[SourceVersion "1"]
[SourceVersionDate "2023.09.30"]
[SourceQuality "1"]

1. d4 d5 2. c4 dxc4 3. Nf3 Nf6 4. e3 Bg4 5. Bxc4 e6 6. h3 Bh5 7. Nc3 Nbd7 8. 0-0 Bb4 9. Be2 0-0 10. Qb3 c5 11. a3 Bxc3 12. bxc3 Ne4 13. Qc2 Ndf6 14. Bb2 cxd4 15. exd4 Rc8 16. c4 Qc7 17. Rac1 Qf4 18. Rcd1 Rfd8 19. Bc1 Qc7 20. Qb3 Qb6 21. Qe3 Qa5 22. Bb2 Qa4 23. Rc1 Nd6 24. g4 Bg6 25. Ne5 Nd7 26. c5 Nxe5 27. Qxe5 Ne8 28. Bd1 Qc6 29. Re1 Qc7 30. Bf3 Qxe5 31. Rxe5 Rd7 32. c6 bxc6 33. Rxc6 Rdc7 34. d5 Rxc6 35. dxc6 Nc7 36. Ra5 a6 37. Be5 Bd3 38. Ra4 f6 39. Bxc7 Rxc7 40. Rb4 Bb5 41. a4 Bxc6 42. Rc4 Bxf3 43. Rxc7 Be2 44. a5 h6 45. f4 Kh7 46. Kf2 Bb5 47. h4 h5 48. g5 Kg6 49. Ke3 e5 50. f5+ Kxf5 51. Rxg7 fxg5 52. Rxg5+ Kf6 53. Rxh5 Bc4 54. Rg5 Bb3 55. Rg1 Bc4 56. h5 Bg8 57. Rxg8 1-0